Normal view
MARC view
- Porkia, Hadi A.
Entry Personal Name
001 - CONTROL NUMBER
- control field: 51039
003 - CONTROL NUMBER IDENTIFIER
- control field: OSt
005 - DATE AND TIME OF LATEST TRANSACTION
- control field: 20240201125550.0
008 - FIXED-LENGTH DATA ELEMENTS
- fixed length control field: 240201|| aca||aabn | a|a d
040 ## - CATALOGING SOURCE
- Original cataloging agency: OSt
- Transcribing agency: OSt
100 ## - HEADING--PERSONAL NAME
- Personal name: Porkia, Hadi A.
- Relator term: author.
670 ## - SOURCE DATA FOUND
- Source citation: Work cat.: (OSt): Porkia, Hadi A. author., Elimination of circulating current in a parallel rectifier using an interface circuit /, January 2022.
